MARC

LEADER 00000cam a2200000 7i4500
001 0000001631
005 20010903.0
020 0 0 |a 9251028095 
090 0 0 |a FAO634.9   |b ARI 1989 
245 0 0 |a ARID zone forestry :   |b a guide for field technicians 
260 0 0 |a Rome :   |b Food and Agriculture Organization of the United Nations ,   |c 1989 
300 |a vii, 143 p. :   |b ill. ;   |c 21 cm. 
440 0 0 |a FAO conservation guide ; 20 
500 0 0 |a Includes bibliographical references 
650 0 0 |a Arid regions   |x Handbooks, manuals, etc. 
650 0 0 |a Forestry extension   |x Handbooks, manuals, etc. 
650 0 0 |a Forests and forestry   |x Handbooks, manuals, etc. 
710 1 1 |a Food and Agriculture Organization of the United Nations (FAO) 
998 |a JPSM 
999 |a 0000002650   |b Monograph   |c Food and Agriculture Organization   |e Default branch